[Event "I Magistral Panno - Club Phillidor de M"]
[Site "Moron ARG"]
[Date "2012.05.12"]
[Round "1.1"]
[White "Koch, Juan"]
[Black "Mareco, Sandro"]
[Result "0-1"]
[WhiteElo "2071"]
[BlackElo "2583"]
[PlyCount "132"]
[EventDate "2012.05.23"]
[EventType "tourn"]
[EventRounds "9"]
[EventCountry "ARG"]
[EventCategory "8"]
[SourceDate "2012.05.12"]

1. Nf3 Nf6 2. d4 c5 3. c4 cxd4 4. Nxd4 Nc6 5. Nc3 Qb6 6. e3 e6 7. Be2 Bb4 8.
O-O O-O 9. Nf3 a6 10. Qc2 d5 11. a3 Be7 12. b4 dxc4 13. Bxc4 Bd7 14. Bb2 Rac8
15. Qe2 Qc7 16. Ba2 h6 17. Rfd1 Rfd8 18. h3 b5 19. Rac1 Qb8 20. Bb1 Be8 21.
Rxd8 Nxd8 22. Rd1 Bc6 23. Ne1 Nb7 24. e4 Rd8 25. Rxd8+ Qxd8 26. e5 Nd5 27. Nxd5
Bxd5 28. Qd3 g6 29. Qe3 a5 30. Bc1 axb4 31. axb4 Bxb4 32. Qxh6 Bf8 33. Qg5 Qc7
34. h4 Be7 35. Qh6 Qxe5 36. Nf3 Bxf3 37. gxf3 Bxh4 38. Be4 Bxf2+ 39. Kxf2 Nc5
40. Bxg6 fxg6 41. Qxg6+ Kf8 42. Bh6+ Ke7 43. Bg5+ Kd6 44. Bf6 Qf4 45. Bg7 b4
46. Bh6 Qh2+ 47. Ke3 Qe5+ 48. Kf2 Kd5 49. Bf8 Qd4+ 50. Kg3 Nd3 51. Qg5+ Kc4 52.
Qe7 Qe5+ 53. Kg2 Qe2+ 54. Kg3 Qf2+ 55. Kg4 Qg2+ 56. Kh4 Qf2+ 57. Kg4 Ne5+ 58.
Kg5 Nxf3+ 59. Kh6 Qh4+ 60. Qxh4+ Nxh4 61. Kg5 b3 62. Ba3 Nf3+ 63. Kf4 Ne1 64.
Ke5 Nd3+ 65. Kxe6 Kb5 66. Kd5 Ka4 0-1

[Event "I Magistral Panno - Club Phillidor de M"]
[Site "Moron ARG"]
[Date "2012.05.12"]
[Round "1.2"]
[White "Brito Molina, Roberto J"]
[Black "Barrionuevo, Pablo"]
[Result "1/2-1/2"]
[WhiteElo "2423"]
[BlackElo "2318"]
[PlyCount "152"]
[EventDate "2012.05.23"]
[EventType "tourn"]
[EventRounds "9"]
[EventCountry "ARG"]
[EventCategory "8"]
[SourceDate "2012.05.12"]

1. d4 Nf6 2. c4 g6 3. Nf3 Bg7 4. g3 O-O 5. Bg2 c6 6. Nc3 d6 7. O-O Qb6 8. b3
Qa5 9. Qc2 Qh5 10. Bb2 Bh3 11. Rad1 Nbd7 12. Nh4 Bxg2 13. Kxg2 Rfe8 14. d5 Rac8
15. dxc6 bxc6 16. Qd2 Nc5 17. Nf3 Bh6 18. Qc2 d5 19. b4 Nce4 20. Nxe4 Nxe4 21.
Qd3 f6 22. Qb3 e6 23. h3 Bf8 24. cxd5 cxd5 25. Bd4 Rc4 26. a3 Rec8 27. Bxa7 Rc3
28. Qa4 Rxf3 29. exf3 Ng5 30. Rd3 Qxh3+ 31. Kg1 Qf5 32. Qd1 Bd6 33. Re1 Rc4 34.
f4 Nh3+ 35. Kf1 h5 36. Qe2 Kf7 37. Be3 Ng5 38. Bc1 Qh3+ 39. Kg1 Ne4 40. Re3 Qf5
41. Qf3 Rc2 42. R3e2 Rc3 43. Qg2 Bc7 44. Kh2 h4 45. Be3 hxg3+ 46. fxg3 Rxa3 47.
Qh3 Qxh3+ 48. Kxh3 f5 49. Kg2 d4 50. Bf2 Rb3 51. Rc2 Bd6 52. Rd1 d3 53. Ra2
Bxb4 54. Ra7+ Be7 55. Be3 Kf8 56. Rc1 Nc3 57. Bd2 Nd5 58. Ra2 Kf7 59. Kf3 Nb4
60. Ra7 Nc2 61. Rh1 Nd4+ 62. Kg2 Nc6 63. Ra2 Bf6 64. Rc1 Ne7 65. Rc7 e5 66.
fxe5 Bxe5 67. Rca7 Bf6 68. R7a3 Rb7 69. Rxd3 Nc6 70. Rd6 Ne5 71. Bc3 Ng4 72.
Bxf6 Nxf6 73. Raa6 Ng4 74. Rxg6 Rb2+ 75. Kf1 Rd2 76. Rgb6 Nh2+ 1/2-1/2

[Event "I Magistral Panno - Club Phillidor de M"]
[Site "Moron ARG"]
[Date "2012.05.12"]
[Round "1.3"]
[White "Yago de Moura, Santiago"]
[Black "Flores, Diego"]
[Result "1/2-1/2"]
[WhiteElo "2347"]
[BlackElo "2604"]
[PlyCount "121"]
[EventDate "2012.05.23"]
[EventType "tourn"]
[EventRounds "9"]
[EventCountry "ARG"]
[EventCategory "8"]
[SourceDate "2012.05.12"]

1. e4 c5 2. Nf3 e6 3. d4 cxd4 4. Nxd4 a6 5. Nc3 b5 6. Bd3 Qb6 7. Nb3 Qc7 8. O-O
d6 9. Be3 Nf6 10. f4 Nc6 11. Qf3 Bb7 12. Qg3 g6 13. Rae1 Be7 14. e5 Nh5 15. Qf2
O-O 16. exd6 Bxd6 17. Ne4 Be7 18. Bb6 Qd7 19. Rd1 Nb4 20. Nec5 Nxd3 21. Rxd3
Qc6 22. Nxb7 Qxb7 23. Na5 Qc8 24. Rfd1 Nf6 25. Qe3 Ng4 26. Qd4 Bf6 27. Qc5
Qxc5+ 28. Bxc5 Rfc8 29. b4 h5 30. Rd7 Bg7 31. c4 Nf6 32. Rb7 Ne4 33. Rdd7 Nxc5
34. bxc5 Rxc5 35. Nb3 Rf5 36. c5 Rc8 37. Rbc7 Rxc7 38. Rxc7 a5 39. Rc8+ Kh7 40.
c6 a4 41. Nd2 Bd4+ 42. Kf1 Rc5 43. Ne4 Rc1+ 44. Ke2 b4 45. Kd3 e5 46. c7 b3 47.
axb3 axb3 48. Nf6+ Kg7 49. Rg8+ Kxf6 50. c8=Q Rxc8 51. Rxc8 Kf5 52. g3 Bg1 53.
fxe5 Bxh2 54. Rc7 Bxg3 55. Rxf7+ Kxe5 56. Rb7 Kf5 57. Ke2 Kg4 58. Kf1 h4 59.
Rxb3 g5 60. Rb5 h3 61. Rxg5+ 1/2-1/2

[Event "I Magistral Panno - Club Phillidor de M"]
[Site "Moron ARG"]
[Date "2012.05.12"]
[Round "1.4"]
[White "Krysa, Leandro"]
[Black "Salinas Herrera, Pablo"]
[Result "0-1"]
[WhiteElo "2423"]
[BlackElo "2409"]
[PlyCount "144"]
[EventDate "2012.05.23"]
[EventType "tourn"]
[EventRounds "9"]
[EventCountry "ARG"]
[EventCategory "8"]
[SourceDate "2012.05.12"]

1. d4 Nf6 2. c4 g6 3. Nc3 Bg7 4. e4 d6 5. f3 O-O 6. Be3 a6 7. Qd2 Nc6 8. Nge2
Rb8 9. Rc1 e6 10. b3 Nd7 11. d5 exd5 12. cxd5 Ne7 13. Nd4 Ne5 14. Be2 c5 15.
dxc6 bxc6 16. O-O f5 17. Rfd1 c5 18. Nc2 N5c6 19. Bg5 fxe4 20. Nxe4 Nd4 21.
Nxd4 Bxd4+ 22. Be3 Nf5 23. Bxd4 Nxd4 24. Bc4+ Kg7 25. Qb2 Qb6 26. Nc3 Kh6 27.
Qf2 Qd8 28. Ne2 Nf5 29. Ng3 Nd4 30. Ne2 Nf5 31. Ng3 Nd4 32. Qd2+ Kg7 33. Ne2
Nf5 34. Bd3 Nh4 35. Be4 Bf5 36. Qxd6 Qg5 37. Qe5+ Kh6 38. Ng3 Rbe8 39. Qc3 Bxe4
40. fxe4 Rxe4 41. Qxc5 Qxc5+ 42. Rxc5 Re6 43. Rc4 g5 44. Rcd4 Rff6 45. Rc4 Kg6
46. Rc5 Rb6 47. Rd7 Rbc6 48. Ne4 Rfe6 49. Rdd5 Nf5 50. Rxc6 Rxc6 51. g4 Ne3 52.
Rd6+ Rxd6 53. Nxd6 Nxg4 54. Nb7 Ne5 55. b4 Nc6 56. a3 Kf6 57. Nc5 Nb8 58. Kg2
Kf5 59. a4 Ke5 60. b5 axb5 61. axb5 Kd5 62. Na6 Nd7 63. Nc7+ Ke5 64. Na8 h5 65.
Kg3 Kf5 66. b6 h4+ 67. Kh3 Nc5 68. Nc7 Nd3 69. Nd5 Nc5 70. Ne3+ Kf4 71. Nd5+
Kf3 72. b7 Ne4 0-1

[Event "I Magistral Panno - Club Phillidor de M"]
[Site "Moron ARG"]
[Date "2012.05.12"]
[Round "1.5"]
[White "Rodriguez  Villa, Andres"]
[Black "Real De Azua, Ernesto"]
[Result "1/2-1/2"]
[WhiteElo "2532"]
[BlackElo "2474"]
[PlyCount "129"]
[EventDate "2012.05.23"]
[EventType "tourn"]
[EventRounds "9"]
[EventCountry "ARG"]
[EventCategory "8"]
[SourceDate "2012.05.12"]

1. e4 c5 2. Nf3 Nc6 3. d4 cxd4 4. Nxd4 Nf6 5. Nc3 d6 6. g3 e6 7. Bg2 Bd7 8. O-O
a6 9. a4 Be7 10. b3 O-O 11. Bb2 Nxd4 12. Qxd4 Qc7 13. a5 Rfd8 14. Rfc1 Ne8 15.
Qd2 Bf6 16. Nd1 Rac8 17. c4 Bxb2 18. Nxb2 Nf6 19. b4 Qb8 20. Qe2 Be8 21. Nd3
Nd7 22. f4 b6 23. axb6 Nxb6 24. Qa2 Qc7 25. Nb2 a5 26. bxa5 Qc5+ 27. Kh1 Ra8
28. Qa3 Qf2 29. Rd1 Bc6 30. c5 Nc8 31. Nc4 Qe2 32. Rd4 Na7 33. Nxd6 Rab8 34.
Rad1 Nb5 35. Qa1 Nxd4 36. Qxd4 Rb2 37. Rg1 Rdb8 38. a6 Qxa6 39. f5 Rb1 40. h4
Rxg1+ 41. Kxg1 Qa2 42. Nc4 exf5 43. Qd6 Rb1+ 44. Kh2 h6 45. Qxc6 Qxc4 46. exf5
Rc1 47. Qe8+ Kh7 48. c6 Rc2 49. Kh3 Qe2 50. Qxe2 Rxe2 51. f6 Kg8 52. fxg7 Rc2
53. Bf3 Rc4 54. Bd5 Rc5 55. Bf3 Kxg7 56. Kg4 f5+ 57. Kf4 Kf6 58. h5 Rc4+ 59.
Ke3 Ke5 60. Kd3 Rc5 61. Bg2 Rc1 62. Bf3 Rg1 63. Ke3 Rc1 64. Kd3 Rc5 65. Bg2
1/2-1/2

[Event "I Magistral Panno - Club Phillidor de M"]
[Site "Moron ARG"]
[Date "2012.05.13"]
[Round "2.1"]
[White "Mareco, Sandro"]
[Black "Real De Azua, Ernesto"]
[Result "1-0"]
[WhiteElo "2583"]
[BlackElo "2474"]
[PlyCount "69"]
[EventDate "2012.05.23"]
[EventType "tourn"]
[EventRounds "9"]
[EventCountry "ARG"]
[EventCategory "8"]
[SourceDate "2012.05.12"]

1. c4 Nf6 2. Nc3 g6 3. Nf3 Bg7 4. e4 d6 5. d4 O-O 6. Be2 e5 7. O-O Nc6 8. d5
Ne7 9. Ne1 Nd7 10. Be3 f5 11. f3 f4 12. Bf2 g5 13. g4 fxg3 14. hxg3 Ng6 15. Ng2
a5 16. Ne3 Nc5 17. Nf5 Bxf5 18. exf5 Rxf5 19. Bxc5 dxc5 20. Ne4 Qe7 21. Bd3
Raf8 22. Kg2 b6 23. Qc2 Qd7 24. Rf2 g4 25. fxg4 Rxf2+ 26. Nxf2 e4 27. Bxe4 Bd4
28. Bf5 Qe7 29. Ne4 Qe5 30. Rh1 Rxf5 31. gxf5 Qxf5 32. Qe2 Ne5 33. Rh5 Qf7 34.
Rxh7 Qg6 35. Rh5 1-0

[Event "I Magistral Panno - Club Phillidor de M"]
[Site "Moron ARG"]
[Date "2012.05.13"]
[Round "2.2"]
[White "Salinas Herrera, Pablo"]
[Black "Rodriguez  Villa, Andres"]
[Result "0-1"]
[WhiteElo "2409"]
[BlackElo "2532"]
[PlyCount "80"]
[EventDate "2012.05.23"]
[EventType "tourn"]
[EventRounds "9"]
[EventCountry "ARG"]
[EventCategory "8"]
[SourceDate "2012.05.12"]

1. d4 e6 2. c4 c5 3. d5 exd5 4. cxd5 Nf6 5. Nc3 Bd6 6. Bg5 h6 7. Bh4 Be5 8. Nf3
Bxc3+ 9. bxc3 d6 10. Qd3 O-O 11. Nd2 Nbd7 12. Bg3 Re8 13. Bxd6 Ne5 14. Bxe5
Rxe5 15. c4 b5 16. Qc3 Re7 17. Rd1 Bb7 18. Nb3 Ne4 19. Qc2 Rc8 20. e3 Qb6 21.
Nd2 Nd6 22. Qc3 Ba6 23. Rb1 Qd8 24. cxb5 Bb7 25. Bc4 Nxc4 26. Nxc4 Qxd5 27. f3
Qd4 28. Rc1 Qh4+ 29. Ke2 Rce8 30. Rcd1 f5 31. Rd2 a6 32. a4 f4 33. e4 Bxe4 34.
fxe4 Rxe4+ 35. Kd1 f3 36. Nb2 f2 37. Kc2 Re1 38. Qxc5 Qe4+ 39. Kb3 axb5 40.
axb5 Re3+ 0-1

[Event "I Magistral Panno - Club Phillidor de M"]
[Site "Moron ARG"]
[Date "2012.05.13"]
[Round "2.3"]
[White "Flores, Diego"]
[Black "Krysa, Leandro"]
[Result "1-0"]
[WhiteElo "2604"]
[BlackElo "2423"]
[PlyCount "69"]
[EventDate "2012.05.23"]
[EventType "tourn"]
[EventRounds "9"]
[EventCountry "ARG"]
[EventCategory "8"]
[SourceDate "2012.05.12"]

1. c4 e6 2. Nf3 Nf6 3. g3 d5 4. Bg2 dxc4 5. O-O Nbd7 6. Na3 Bxa3 7. bxa3 O-O 8.
Qc2 e5 9. Bb2 Re8 10. Qxc4 c6 11. d3 Qc7 12. a4 Nf8 13. Qc2 Ng6 14. e4 Bg4 15.
d4 Bxf3 16. Bxf3 h5 17. h4 exd4 18. Bxd4 Ng4 19. Rfe1 b6 20. Rad1 c5 21. Bb2
Rad8 22. Rxd8 Rxd8 23. Rd1 N6e5 24. Be2 Nc6 25. Rd5 Nf6 26. Rg5 Nb4 27. Qc3 Rd4
28. Qf3 Nxe4 29. Rxh5 Nf6 30. Rg5 Ne4 31. Rg4 Nd2 32. Qe3 Rxg4 33. Qe8+ Kh7 34.
Bxg4 Kg6 35. Qh8 1-0

[Event "I Magistral Panno - Club Phillidor de M"]
[Site "Moron ARG"]
[Date "2012.05.13"]
[Round "2.4"]
[White "Barrionuevo, Pablo"]
[Black "Yago de Moura, Santiago"]
[Result "0-1"]
[WhiteElo "2318"]
[BlackElo "2347"]
[PlyCount "78"]
[EventDate "2012.05.23"]
[EventType "tourn"]
[EventRounds "9"]
[EventCountry "ARG"]
[EventCategory "8"]
[SourceDate "2012.05.12"]

1. d4 d5 2. c4 e6 3. Nf3 Nf6 4. g3 dxc4 5. Bg2 b5 6. Ne5 Nd5 7. O-O Bb7 8. a4
a6 9. axb5 axb5 10. Rxa8 Bxa8 11. e4 Nf6 12. Nc3 c6 13. f4 Nbd7 14. g4 b4 15.
Na4 c5 16. g5 Nxe5 17. fxe5 Nd7 18. Qf3 Qe7 19. Be3 cxd4 20. Bxd4 g6 21. Rc1
Bg7 22. Rxc4 O-O 23. Qf4 Qd8 24. b3 Qa5 25. Nc5 Nxc5 26. Rxc5 Qa2 27. Qf3 Qb1+
28. Kf2 h6 29. h4 hxg5 30. hxg5 Qa2+ 31. Kg3 Qd2 32. Qe3 Qa2 33. Bf1 Rd8 34.
Rc1 Qa5 35. Kf4 Bb7 36. Rc5 Qa2 37. Kg3 Qb1 38. Bg2 Qd1 39. Rc4 Rxd4 0-1

[Event "I Magistral Panno - Club Phillidor de M"]
[Site "Moron ARG"]
[Date "2012.05.13"]
[Round "2.5"]
[White "Koch, Juan"]
[Black "Brito Molina, Roberto J"]
[Result "0-1"]
[WhiteElo "2071"]
[BlackElo "2423"]
[PlyCount "48"]
[EventDate "2012.05.23"]
[EventType "tourn"]
[EventRounds "9"]
[EventCountry "ARG"]
[EventCategory "8"]
[SourceDate "2012.05.12"]

1. Nf3 f5 2. g3 Nf6 3. Bg2 g6 4. c4 Bg7 5. Nc3 d6 6. O-O O-O 7. d3 Nc6 8. Rb1
e5 9. b4 h6 10. b5 Ne7 11. Nd2 c6 12. a4 Rf7 13. Ba3 c5 14. Nd5 Rb8 15. e4 f4
16. h3 h5 17. Nxe7+ Qxe7 18. gxf4 exf4 19. Nb3 Nh7 20. d4 Ng5 21. dxc5 dxc5 22.
Kh2 Nf3+ 23. Qxf3 Qh4 24. Kh1 Bg4 0-1

[Event "I Magistral Panno - Club Phillidor de M"]
[Site "Moron ARG"]
[Date "2012.05.14"]
[Round "3.1"]
[White "Brito Molina, Roberto J"]
[Black "Mareco, Sandro"]
[Result "1-0"]
[WhiteElo "2423"]
[BlackElo "2583"]
[PlyCount "159"]
[EventDate "2012.05.23"]
[EventType "tourn"]
[EventRounds "9"]
[EventCountry "ARG"]
[EventCategory "8"]
[SourceDate "2012.05.12"]

1. d4 Nf6 2. c4 e6 3. g3 c5 4. d5 exd5 5. cxd5 d6 6. Nf3 g6 7. Bg2 Bg7 8. O-O
O-O 9. Nc3 a6 10. a4 Nbd7 11. Nd2 Re8 12. Nc4 Ne5 13. Nxe5 Rxe5 14. Bf4 Re8 15.
Qd2 Ng4 16. Nb1 Rb8 17. a5 b5 18. axb6 Qxb6 19. Ra2 Ne5 20. Bxe5 Bxe5 21. Nc3
a5 22. Rfa1 Bd7 23. Bf1 Qb4 24. Qc1 Ra8 25. Ra3 h5 26. Qc2 h4 27. e3 Reb8 28.
R1a2 Kg7 29. Bd3 a4 30. Bf1 Ra5 31. Qe2 hxg3 32. hxg3 Qb7 33. Qd1 Qa8 34. Nxa4
Qb7 35. b3 Bf5 36. f4 Bf6 37. g4 Qe7 38. gxf5 Qxe3+ 39. Kg2 Bd4 40. f6+ Kxf6
41. Bc4 Kg7 42. b4 Qe4+ 43. Qf3 Qxf3+ 44. Kxf3 Rxb4 45. Be2 c4 46. Nc3 Rc5 47.
Ke4 Bf6 48. Bd1 Rb8 49. Ba4 Rh8 50. Bc6 Rh3 51. Na4 Rxa3 52. Rxa3 Ra5 53. Ra2
Ra7 54. Rc2 c3 55. Kd3 Re7 56. Rc1 Bh4 57. Nxc3 f5 58. Rf1 Be1 59. Nb5 Bb4 60.
Nd4 Kf6 61. Ne6 Rh7 62. Ng5 Rh4 63. Ke3 Rh2 64. Rb1 Bd2+ 65. Kf3 Bxf4 66. Kxf4
Rh4+ 67. Kf3 Kxg5 68. Rg1+ Kf6 69. Re1 Rh3+ 70. Kg2 Rd3 71. Re6+ Kg7 72. Rxd6
Kf7 73. Re6 g5 74. Be8+ Kf8 75. d6 f4 76. Bh5 g4 77. Bxg4 f3+ 78. Bxf3 Kf7 79.
Bg4 Rd4 80. Kf3 1-0

[Event "I Magistral Panno - Club Phillidor de M"]
[Site "Moron ARG"]
[Date "2012.05.14"]
[Round "3.2"]
[White "Yago de Moura, Santiago"]
[Black "Koch, Juan"]
[Result "1-0"]
[WhiteElo "2347"]
[BlackElo "2071"]
[PlyCount "95"]
[EventDate "2012.05.23"]
[EventType "tourn"]
[EventRounds "9"]
[EventCountry "ARG"]
[EventCategory "8"]
[SourceDate "2012.05.12"]

1. d4 d5 2. c4 dxc4 3. Qa4+ Bd7 4. Qxc4 Bc6 5. Nc3 Nf6 6. f3 e6 7. e4 Be7 8.
Be3 O-O 9. g3 a6 10. Nge2 b5 11. Qb3 Nbd7 12. a3 Rb8 13. Bg2 b4 14. axb4 Rxb4
15. Qc2 Qb8 16. Ra2 Qb7 17. O-O Rb8 18. Rb1 a5 19. Nc1 Nb6 20. b3 a4 21. bxa4
Nxa4 22. Rxb4 Qxb4 23. N3e2 Bd7 24. Bd2 Qb1 25. Qxc7 Rc8 26. Qa7 Nb6 27. Bf1
Ra8 28. Nc3 Qxa2 29. Qxa2 Rxa2 30. N3xa2 Kf8 31. Bb4 Bxb4 32. Nxb4 Ke7 33. Nb3
Na4 34. Kf2 Nc3 35. Ke3 g5 36. Nc5 Be8 37. Bc4 Na4 38. e5 Nh5 39. Nxa4 Bxa4 40.
d5 exd5 41. Nxd5+ Kf8 42. Nf6 Nxf6 43. exf6 Bc6 44. f4 gxf4+ 45. Kxf4 h6 46.
Kg4 Be4 47. Kh5 Kg8 48. Kxh6 1-0

[Event "I Magistral Panno - Club Phillidor de M"]
[Site "Moron ARG"]
[Date "2012.05.14"]
[Round "3.3"]
[White "Krysa, Leandro"]
[Black "Barrionuevo, Pablo"]
[Result "1-0"]
[WhiteElo "2423"]
[BlackElo "2318"]
[PlyCount "83"]
[EventDate "2012.05.23"]
[EventType "tourn"]
[EventRounds "9"]
[EventCountry "ARG"]
[EventCategory "8"]
[SourceDate "2012.05.12"]

1. c4 e6 2. d4 d5 3. Nc3 c5 4. cxd5 exd5 5. Nf3 Nc6 6. g3 Nf6 7. Bg2 Be7 8. O-O
O-O 9. Bg5 c4 10. Ne5 Be6 11. Nxc6 bxc6 12. b3 h6 13. Bxf6 Bxf6 14. bxc4 dxc4
15. e3 Qa5 16. Qc2 Rac8 17. Ne4 Qf5 18. Qa4 Rfd8 19. Qxa7 c5 20. Nxc5 Rxc5 21.
Qxc5 Qxc5 22. dxc5 Bxa1 23. Rxa1 c3 24. Rc1 Rd2 25. Bf3 c2 26. Kg2 f5 27. c6 g5
28. c7 Bc8 29. g4 fxg4 30. Be4 Kf8 31. Rxc2 Rxc2 32. Bxc2 Ke7 33. Bg6 Kd6 34.
Kg3 Kxc7 35. Bh5 Be6 36. a3 Kd6 37. Bxg4 Bf7 38. h4 Ke5 39. hxg5 hxg5 40. a4
Bc4 41. Bc8 Kd6 42. Kg4 1-0

[Event "I Magistral Panno - Club Phillidor de M"]
[Site "Moron ARG"]
[Date "2012.05.14"]
[Round "3.4"]
[White "Rodriguez  Villa, Andres"]
[Black "Flores, Diego"]
[Result "1/2-1/2"]
[WhiteElo "2532"]
[BlackElo "2604"]
[PlyCount "45"]
[EventDate "2012.05.23"]
[EventType "tourn"]
[EventRounds "9"]
[EventCountry "ARG"]
[EventCategory "8"]
[SourceDate "2012.05.12"]

1. e4 c5 2. Nf3 e6 3. b3 d6 4. Bb5+ Bd7 5. Bxd7+ Nxd7 6. O-O Ngf6 7. Re1 Be7 8.
c4 Ne5 9. Nc3 O-O 10. d4 Nxf3+ 11. gxf3 cxd4 12. Qxd4 a6 13. Kh1 Nd7 14. Qe3
Qa5 15. Rg1 Bf6 16. Bb2 Rfd8 17. Rad1 Nf8 18. f4 Ng6 19. Rd3 Qh5 20. Qg3 Qa5
21. Qe3 Qh5 22. Qg3 Qa5 23. Qe3 1/2-1/2

[Event "I Magistral Panno - Club Phillidor de M"]
[Site "Moron ARG"]
[Date "2012.05.14"]
[Round "3.5"]
[White "Real De Azua, Ernesto"]
[Black "Salinas Herrera, Pablo"]
[Result "1-0"]
[WhiteElo "2474"]
[BlackElo "2409"]
[PlyCount "71"]
[EventDate "2012.05.23"]
[EventType "tourn"]
[EventRounds "9"]
[EventCountry "ARG"]
[EventCategory "8"]
[SourceDate "2012.05.12"]

1. d4 Nf6 2. c4 g6 3. Nc3 Bg7 4. e4 d6 5. Nf3 O-O 6. Be2 Na6 7. O-O e5 8. Be3
Ng4 9. Bg5 Qe8 10. dxe5 dxe5 11. Qc1 c6 12. Rd1 f6 13. Bd2 f5 14. h3 Nf6 15.
exf5 gxf5 16. Bh6 f4 17. Bxg7 Kxg7 18. Re1 e4 19. Bd3 Nc5 20. Bxe4 Nfxe4 21.
Nxe4 Nxe4 22. Nd2 Qg6 23. Nxe4 Kg8 24. Kh2 h6 25. Qc3 Bf5 26. Nd2 Rad8 27. Nf3
Be4 28. Nh4 Qh7 29. Rad1 Rde8 30. f3 Bc2 31. Rxe8 Rxe8 32. Rd2 Bb1 33. Qf6 Qg7
34. Qxf4 Rf8 35. Qg4 Bxa2 36. Ng6 1-0

[Event "I Magistral Panno - Club Phillidor de M"]
[Site "Moron ARG"]
[Date "2012.05.15"]
[Round "4.2"]
[White "Flores, Diego"]
[Black "Real De Azua, Ernesto"]
[Result "1/2-1/2"]
[WhiteElo "2604"]
[BlackElo "2474"]
[PlyCount "47"]
[EventDate "2012.05.23"]
[EventType "tourn"]
[EventRounds "9"]
[EventCountry "ARG"]
[EventCategory "8"]
[SourceDate "2012.05.12"]

1. c4 Nf6 2. Nf3 g6 3. g3 Bg7 4. Bg2 O-O 5. O-O d6 6. Nc3 e5 7. d3 Nc6 8. Rb1
a5 9. Bg5 h6 10. Bxf6 Bxf6 11. a3 Bg7 12. b4 axb4 13. axb4 Ne7 14. Nd2 e4 15.
Qc2 exd3 16. Qxd3 Nc6 17. b5 Ra3 18. Rb3 Rxb3 19. Nxb3 Ne5 20. Qc2 Bf5 21. Be4
Bh3 22. Bg2 Bf5 23. Be4 Bh3 24. Bg2 1/2-1/2

[Event "I Magistral Panno - Club Phillidor de M"]
[Site "Moron ARG"]
[Date "2012.05.15"]
[Round "4.3"]
[White "Barrionuevo, Pablo"]
[Black "Rodriguez  Villa, Andres"]
[Result "1-0"]
[WhiteElo "2318"]
[BlackElo "2532"]
[PlyCount "135"]
[EventDate "2012.05.23"]
[EventType "tourn"]
[EventRounds "9"]
[EventCountry "ARG"]
[EventCategory "8"]
[SourceDate "2012.05.12"]

1. d4 c5 2. d5 f5 3. Nf3 Nf6 4. g3 g6 5. Bg2 Bg7 6. c4 O-O 7. Nc3 d6 8. O-O Na6
9. a3 h6 10. Ne1 Ng4 11. Nd3 g5 12. e4 Qe8 13. h3 Ne5 14. Nxe5 Bxe5 15. exf5
Bxf5 16. Ne4 Qg6 17. Qe2 Rab8 18. Ra2 Rf7 19. b3 b5 20. cxb5 Nc7 21. a4 Nxd5
22. Bb2 Nb4 23. Bxe5 Nxa2 24. g4 Bxe4 25. Bxe4 Qe6 26. Ba1 Qxb3 27. Rb1 Qxa4
28. Bd5 Nb4 29. Bb3 Qxb5 30. Qe6 Nd5 31. Qxh6 e5 32. Qg6+ Kf8 33. Qxd6+ Re7 34.
Bxe5 Rb6 35. Qxd5 c4 36. Qa8+ Qe8 37. Qf3+ Rf7 38. Qe3 cxb3 39. Rxb3 Qe7 40.
Rc3 Qd8 41. Qc1 Rd7 42. Rf3+ Ke8 43. Qc4 Rd5 44. Bc7 Rd1+ 45. Kh2 Qd5 46. Qxd5
Rxd5 47. Bxb6 axb6 48. h4 gxh4 49. Kh3 b5 50. Kxh4 b4 51. Rb3 Rb5 52. Kg3 Ke7
53. Kf4 Kd6 54. Ke4 Rg5 55. f3 Kc5 56. Kf4 Rg8 57. g5 Kc4 58. Rb1 b3 59. Kg4
Kc3 60. f4 Kc2 61. Re1 b2 62. Re2+ Kc3 63. Rxb2 Kxb2 64. f5 Kc3 65. f6 Kd4 66.
Kf5 Kd5 67. g6 Kd6 68. g7 1-0

[Event "I Magistral Panno - Club Phillidor de M"]
[Site "Moron ARG"]
[Date "2012.05.15"]
[Round "4.4"]
[White "Koch, Juan"]
[Black "Krysa, Leandro"]
[Result "0-1"]
[WhiteElo "2071"]
[BlackElo "2423"]
[PlyCount "30"]
[EventDate "2012.05.23"]
[EventType "tourn"]
[EventRounds "9"]
[EventCountry "ARG"]
[EventCategory "8"]
[SourceDate "2012.05.12"]

1. c4 Nf6 2. Nf3 e6 3. g3 d5 4. d4 dxc4 5. Qa4+ c6 6. Qxc4 b5 7. Qc2 Bb7 8. Bg2
Nbd7 9. O-O c5 10. Bg5 Rc8 11. Qd1 Qb6 12. Nc3 Bxf3 13. dxc5 Rxc5 14. Be3 Bxg2
15. Bxc5 Qb7 0-1

[Event "I Magistral Panno - Club Phillidor de M"]
[Site "Moron ARG"]
[Date "2012.05.15"]
[Round "4.5"]
[White "Brito Molina, Roberto J"]
[Black "Yago de Moura, Santiago"]
[Result "1-0"]
[WhiteElo "2423"]
[BlackElo "2347"]
[PlyCount "81"]
[EventDate "2012.05.23"]
[EventType "tourn"]
[EventRounds "9"]
[EventCountry "ARG"]
[EventCategory "8"]
[SourceDate "2012.05.12"]

1. d4 d5 2. c4 e6 3. Nf3 c6 4. Qc2 Nf6 5. g3 Nbd7 6. Bg2 Bb4+ 7. Nbd2 O-O 8.
O-O a5 9. e4 Nxe4 10. Nxe4 dxe4 11. Qxe4 Nf6 12. Qe2 a4 13. a3 Be7 14. Be3 Qa5
15. Bd2 Qb6 16. Bc3 c5 17. Rfd1 cxd4 18. Bxd4 Bc5 19. Rac1 Bxd4 20. Nxd4 Ra5
21. Qc2 Bd7 22. c5 Qc7 23. c6 bxc6 24. Nxc6 Bxc6 25. Qxc6 Qe5 26. Qc7 Qf5 27.
Rd4 g5 28. g4 Qe5 29. Qxe5 Rxe5 30. Rxa4 Rb8 31. Ra8 Rxa8 32. Bxa8 Nxg4 33. Bf3
Nh6 34. Kf1 Nf5 35. b4 Nd4 36. Bd1 f5 37. a4 Rd5 38. a5 Rd6 39. Be2 f4 40. b5
f3 41. Bc4 1-0

[Event "I Magistral Panno - Club Phillidor de M"]
[Site "Moron ARG"]
[Date "2012.05.16"]
[Round "5.1"]
[White "Yago de Moura, Santiago"]
[Black "Mareco, Sandro"]
[Result "0-1"]
[WhiteElo "2347"]
[BlackElo "2583"]
[PlyCount "66"]
[EventDate "2012.05.23"]
[EventType "tourn"]
[EventRounds "9"]
[EventCountry "ARG"]
[EventCategory "8"]
[SourceDate "2012.05.12"]

1. e4 c6 2. d4 d5 3. e5 Bf5 4. h4 h6 5. g4 Bd7 6. h5 c5 7. c3 Nc6 8. Bh3 e6 9.
Ne2 Qb6 10. O-O Nge7 11. dxc5 Qxc5 12. b4 Qb6 13. Be3 d4 14. Bxd4 Nxd4 15. Nxd4
a5 16. bxa5 Rxa5 17. Nd2 Qc7 18. Ne4 Nd5 19. Nb3 Ra4 20. Re1 Be7 21. c4 Rxc4
22. Bf1 Rb4 23. a3 Rb6 24. Rc1 Rc6 25. Rb1 O-O 26. Bb5 Rb6 27. Bxd7 Qxd7 28.
Nbc5 Qc7 29. Qd4 Rd8 30. Rbd1 Rc6 31. Nd3 Nc3 32. Qe3 Nxd1 33. Rxd1 Rc4 0-1

[Event "I Magistral Panno - Club Phillidor de M"]
[Site "Moron ARG"]
[Date "2012.05.16"]
[Round "5.2"]
[White "Krysa, Leandro"]
[Black "Brito Molina, Roberto J"]
[Result "1/2-1/2"]
[WhiteElo "2423"]
[BlackElo "2423"]
[PlyCount "123"]
[EventDate "2012.05.23"]
[EventType "tourn"]
[EventRounds "9"]
[EventCountry "ARG"]
[EventCategory "8"]
[SourceDate "2012.05.12"]

1. c4 e6 2. d4 d5 3. Nc3 Be7 4. cxd5 exd5 5. Bf4 c6 6. Qc2 Na6 7. a3 Nf6 8. e3
Nc7 9. Bd3 Ne6 10. Be5 a5 11. h3 g6 12. Nge2 O-O 13. O-O Ng7 14. f3 Be6 15. e4
Rc8 16. f4 Nd7 17. Bxg7 Kxg7 18. exd5 Bxd5 19. Nxd5 cxd5 20. Nc3 Bf6 21. Qf2
Nb6 22. Nb5 Nc4 23. Kh1 Qb6 24. a4 Rfe8 25. Rae1 Rcd8 26. f5 Rxe1 27. Rxe1 Ne5
28. Bb1 Nc6 29. fxg6 hxg6 30. Rd1 Nb4 31. Rc1 Rd7 32. Re1 Qd8 33. Qf4 Qh8 34.
Rf1 Qh4 35. Qxh4 Bxh4 36. Rd1 Re7 37. Bd3 Bg3 38. Bf1 Kf6 39. Nc3 Re3 40. Be2
Ke6 41. Kg1 Kd6 42. Bf3 Bh4 43. Nb5+ Kd7 44. Rc1 Bg3 45. Nc3 Ke6 46. Ra1 b6 47.
Ne2 Bh4 48. Nc3 f5 49. Kf1 Kd6 50. Nb5+ Kd7 51. Nc3 Bg3 52. Ne2 Bh4 53. Nc3 Bf6
54. Rd1 f4 55. Kg1 Kc6 56. Kf1 Kd7 57. Bg4+ Kd6 58. Bf3 Rd3 59. Nb5+ Ke6 60.
Rxd3 Nxd3 61. b3 Nb4 62. Kf2 1/2-1/2